Statistiques concernant 15 principaux pays touchés par Covid-19 - 10 mai 2021

Cliquez ici pour prendre le quiz!

Statistiques générales

  • Ce quiz a été pris 19 fois
  • Le résultat moyen est 16 sur 28

Statistiques - réponses

pays% Correct
Allemagne
100%
France
100%
Inde
100%
Royaume-Uni
100%
Brésil
95%
Etats-Unis
95%
Italie
95%
Espagne
89%
Russie
89%
Argentine
79%
Belgique
74%
Pays-Bas
68%
Pologne
63%
Portugal
63%
Iran
58%
Mexique
58%
Suède
58%
Turquie
58%
Colombie
53%
Hongrie
26%
Tchèquie
26%
Estonie
21%
Croatie
16%
Lituanie
16%
Slovénie
16%
Israël
11%
Bahreïn
5%
Panama
5%

Distribution des résultats

Percentile par nombre de réponses

% des personnes avec chaque résultat

Votre développement - résultats

Vous n’avez pas pris ce quiz